000 00366nam a22001217a 4500
008 230612b xxu||||| |||| 00| 0 eng d
082 _a354.6200
_bGOK
100 _cGovernment of Kenya
245 _aPublic Accounts Committee on the Government of Kenya Accounts for the Year 1981/82 and 1982/83
260 _aKenya
_bGOK
_c1981-1983
300 _a195p
942 _2ddc
_cBK
999 _c1005
_d1005